000
00287nam a22001217a 4500
008
180918b xxu||||| |||| 00| 0 eng d
041
_a
eng
080
_a
710
100
_a
45
101
_a
ART
245
_a
Sotheby's American Paintings, Drawings & Sculpture
_c
Sotheby
942
_2
udc
_c
BK
999
_c
47903
_d
47903